000 00472nam a22001697a 4500
005 20251108164926.0
008 250721s1997 xx 000 0 ara d
082 1 4 _a650/علي
100 1 _aعباس، علي
245 1 0 _aمدخل إلى علم الإدارة /
264 1 _aعمان :
_bدار النظم،
_c1997.
300 _a221ص
650 1 7 _aإدارة الأعمال
700 1 _aبركات، عبد الله عزت
942 _2ddc
_cBK
999 _c17586
_d17586